[Event "Collado Villalba op-A 36th"]
[Site "Collado Villalba"]
[Date "2019.08.23"]
[Round "1"]
[White "Carrasco Coquillat, Alvaro"]
[Black "Hernando Pertierra, Jose Carlos"]
[Result "0-1"]
[WhiteElo "2009"]
[BlackElo "2346"]
[PlyCount "62"]
[EventDate "2019.08.23"]
[EventType "swiss"]
[EventRounds "9"]
[EventCountry "ESP"]
[SourceTitle "CBM 192 Extra"]
[Source "Chessbase"]
[SourceDate "2019.11.06"]
[SourceVersion "1"]
[SourceVersionDate "2019.11.06"]
[SourceQuality "1"]

1. d4 g6 2. c4 Bg7 3. Nc3 c5 4. d5 Bxc3+ 5. bxc3 Qa5 6. Qc2 Nf6 7. Bd2 d6 8. e4 0-0 9. Bd3 Nbd7 10. Nf3 a6 11. a4 Ng4 12. Be2 Nge5 13. Nxe5 dxe5 14. Bh6 Re8 15. h4 Nf6 16. f3 Nh5 17. g4 Nf4 18. h5 b5 19. Bxf4 exf4 20. hxg6 fxg6 21. Bd3 e5 22. dxe6 Bxe6 23. e5 Bf7 24. Kf1 Ra7 25. Qh2 Bxc4 26. Bxc4+ bxc4 27. Qxf4 Qxc3 28. Re1 Rf7 29. Qe4 Rxf3+ 30. Ke2 Rf7 31. e6 Qb2+ 0-1

[Event "Madrid Chamartin op 7th"]
[Site "Madrid"]
[Date "2018.09.08"]
[Round "8"]
[White "Martinez Fernandez, Raul"]
[Black "Carrasco Coquillat, Alvaro"]
[Result "1-0"]
[WhiteElo "2213"]
[BlackElo "1992"]
[PlyCount "73"]
[EventDate "2018.09.03"]
[EventType "swiss"]
[EventRounds "9"]
[EventCountry "ESP"]
[SourceTitle "CBM 187 Extra"]
[Source "ChessBase"]
[SourceDate "2018.11.04"]
[SourceVersion "1"]
[SourceVersionDate "2018.11.04"]
[SourceQuality "1"]

1. e4 c5 2. Nf3 d6 3. Bb5+ Bd7 4. Bxd7+ Nxd7 5. c4 Ngf6 6. Nc3 e6 7. 0-0 Be7 8. d4 cxd4 9. Nxd4 0-0 10. b3 a6 11. f4 Rc8 12. Bb2 Qc7 13. Kh1 Rfd8 14. Qf3 Nc5 15. Rad1 b6 16. e5 Ne8 17. f5 dxe5 18. fxe6 f6 19. Nd5 Rxd5 20. cxd5 exd4 21. Rxd4 Bd6 22. Rc4 a5 23. Rfc1 Be5 24. Bxe5 Qxe5 25. g3 Rd8 26. Rd1 Nc7 27. Rc2 Rxd5 28. Rxd5 Nxd5 29. Re2 Qd4 30. e7 Qd1+ 31. Kg2 Nxe7 32. Rxe7 Qxf3+ 33. Kxf3 Nd3 34. Rc7 a4 35. bxa4 Nb2 36. Ke4 Nxa4 37. Kd5 1-0

[Event "Collado Villalba 64 op 6th"]
[Site "Collado Villalba"]
[Date "2018.07.08"]
[Round "2"]
[White "Carrasco Coquillat, Alvaro"]
[Black "Longa Yauca, Javier"]
[Result "1/2-1/2"]
[WhiteElo "1857"]
[BlackElo "2277"]
[PlyCount "138"]
[EventDate "2018.07.08"]
[EventType "swiss"]
[EventRounds "7"]
[EventCountry "ESP"]
[SourceTitle "EXT 2019"]
[Source "ChessBase"]
[SourceDate "2018.10.10"]
[SourceVersion "1"]
[SourceVersionDate "2018.10.10"]
[SourceQuality "1"]

1. d4 Nf6 2. Nf3 d5 3. c4 c6 4. e3 Nbd7 5. Nbd2 e6 6. Bd3 Bd6 7. e4 dxe4 8. Nxe4 Nxe4 9. Bxe4 c5 10. 0-0 Qc7 11. b3 0-0 12. Bb2 f5 13. Bc2 Rd8 14. Qe2 Nf6 15. h3 Bd7 16. a3 Re8 17. Rfe1 cxd4 18. Bxd4 Bc6 19. Ne5 Be4 20. Bxe4 Nxe4 21. f3 Bc5 22. Bxc5 Qxc5+ 23. Qe3 Qxe5 24. fxe4 f4 25. Qf3 Rad8 26. Rad1 Rd4 27. Rxd4 Qxd4+ 28. Kh1 Qe5 29. Rd1 Rc8 30. Qd3 h5 31. Qf3 Rf8 32. Rf1 Rf6 33. Rd1 Rg6 34. Rd8+ Kh7 35. Rf8 Rg3 36. Qxf4 Qxf4 37. Rxf4 Rxb3 38. Rf3 Rxf3 39. gxf3 Kg6 40. f4 e5 41. fxe5 Kf7 42. h4 Ke6 43. Kg2 Kxe5 44. Kf3 Kd4 45. Kf4 Kxc4 46. Ke5 b5 47. Kd6 a5 48. e5 b4 49. axb4 axb4 50. e6 b3 51. e7 b2 52. e8Q b1Q 53. Qf7+ Kd4 54. Qxg7+ Ke3 55. Qg3+ Ke2 56. Qg2+ Ke3 57. Qg5+ Kf2 58. Qxh5 Qb8+ 59. Ke6 Qb6+ 60. Kf7 Qc7+ 61. Kg6 Qd6+ 62. Kg7 Qd4+ 63. Kh7 Qd7+ 64. Kh6 Qd6+ 65. Qg6 Qf4+ 66. Qg5 Qf8+ 67. Kh5 Qf7+ 68. Kh6 Qf8+ 69. Kh7 Qf7+ 1/2-1/2

[Event "Madrid-ch sf"]
[Site "Madrid"]
[Date "2018.05.10"]
[Round "6"]
[White "Carrasco Coquillat, Alvaro"]
[Black "Cabanas Bravo, Juan Andres"]
[Result "0-1"]
[WhiteElo "1869"]
[BlackElo "1936"]
[PlyCount "78"]
[EventDate "2018.05.05"]
[EventType "swiss"]
[EventRounds "9"]
[EventCountry "ESP"]
[SourceTitle "CBM 184 Extra"]
[Source "ChessBase"]
[SourceDate "2018.06.28"]
[SourceVersion "1"]
[SourceVersionDate "2018.06.28"]
[SourceQuality "1"]

1. d4 Nf6 2. Nf3 g6 3. c4 Bg7 4. Nc3 d5 5. cxd5 Nxd5 6. e4 Nxc3 7. bxc3 c5 8. Rb1 0-0 9. Be2 cxd4 10. cxd4 Qa5+ 11. Bd2 Qxa2 12. 0-0 b6 13. Qc1 Qe6 14. Re1 Bb7 15. Bc4 Qd7 16. Qd1 e6 17. Bf4 Rd8 18. d5 exd5 19. exd5 Qf5 20. Bc7 Rf8 21. Bd6 Rc8 22. Re7 Ba6 23. Bxb8 Bxc4 24. Bg3 Bxd5 25. Nh4 Qc2 26. Qxc2 Rxc2 27. h3 Rb2 28. Rbe1 Be6 29. Nf3 Bf6 30. Rc7 a5 31. Ne5 a4 32. Ra1 a3 33. Rcc1 Re2 34. f4 a2 35. Kf1 Re3 36. Bf2 Re4 37. Bg3 g5 38. Re1 Rxe1+ 39. Kxe1 Ra4 0-1

[Event "Collado Villalba op-B 34th"]
[Site "Collado Villalba"]
[Date "2017.08.30"]
[Round "9"]
[White "Olias Munoz, Francisco"]
[Black "Carrasco Coquillat, Alvaro"]
[Result "1/2-1/2"]
[WhiteElo "1865"]
[BlackElo "1639"]
[PlyCount "48"]
[EventDate "2017.08.22"]
[EventType "swiss"]
[EventRounds "9"]
[EventCountry "ESP"]
[SourceTitle "CBM 180 Extra"]
[Source "ChessBase"]
[SourceDate "2017.10.06"]
[SourceVersion "1"]
[SourceVersionDate "2017.10.06"]
[SourceQuality "1"]

1. e4 d6 2. d4 g6 3. Nc3 Bg7 4. h3 Nf6 5. Nf3 0-0 6. Bd3 Nc6 7. 0-0 e5 8. d5 Ne7 9. Ne2 Nh5 10. c4 f5 11. exf5 gxf5 12. Bc2 Kh8 13. Nc3 Nf6 14. Re1 Rg8 15. Ng5 Qf8 16. f4 e4 17. Nb5 Ne8 18. Qh5 h6 19. Nf7+ Kh7 20. Rxe4 Nf6 21. Ng5+ Kh8 22. Nf7+ Kh7 23. Ng5+ Kh8 24. Nf7+ Kh7 1/2-1/2